| 000 | 01300cas a2200397 4500 | ||
|---|---|---|---|
| 001 | 11143022 | ||
| 005 | 20030302155905.0 | ||
| 008 | 751101c19459999ii qr0p 0 a0eng | ||
| 010 | _a 47029726 | ||
| 022 |
_a0974-9284 _y0019-4220 |
||
| 022 | _y0251-3048 | ||
| 035 | _a(OCoLC)ocm01752770 | ||
| 040 |
_aDLC _cMnMULS _dCtY _dNIC _dNSDP _dDLC _dAIP _dNST _dMH _dOCoLC _dDNLM _dOCoLC |
||
| 042 |
_ansdp _alc |
||
| 050 |
_aD410 _b.I44 |
||
| 082 | _a052 | ||
| 210 | _aIndia q. | ||
| 222 | _aIndia quarterly | ||
| 245 | _aIndia quarterly. | ||
| 260 |
_aNew Delhi, _bIndian Council of World Affairs [etc.] |
||
| 260 |
_aNew Delhi, _bSage Publications |
||
| 300 |
_av. _c25 cm. |
||
| 310 | _aQuarterly | ||
| 362 | _av. 1- Jan. 1945- | ||
| 590 | _aSERBIB/SERLOC merged record | ||
| 650 |
_aWorld politics _y20th century _vPeriodicals. _925976 |
||
| 710 |
_aIndian Council of World Affairs. _925977 |
||
| 856 | _uhttp://iqq.sagepub.com | ||
| 906 |
_a7 _bcbc _cserials _d3 _encip _f19 _gn-oclcserc |
||
| 936 |
_aUnknown _aJuly/Sept. 1975 (surrogate) |
||
| 942 |
_2ddc _cSR _h052 _mIND _s1 |
||
| 999 |
_c26500 _d26500 |
||